ՀՀ Գիտությունների ազգային ակադեմիայի հիմնարար գիտական գրադարան  =   Fundamental Scientific Library of NAS RA

Механизация и электрификация сельского хозяйства : (Record no. 470025)

MARC details
000 -LEADER
fixed length control field 00912nam a2200205 a 4500
001 - CONTROL NUMBER
control field 000643802
003 - CONTROL NUMBER IDENTIFIER
control field AM-YeHGA
005 - DATE AND TIME OF LATEST TRANSACTION
control field 20250617161344.0
008 - FIXED-LENGTH DATA ELEMENTS--GENERAL INFORMATION
fixed length control field 090319s1957 ||||||||||||||||||||rus|c
040 ## - CATALOGING SOURCE
Original cataloging agency AM-YeHGA
041 0# - LANGUAGE CODE
Language code of text/sound track or separate title rus
090 ## - LOCALLY ASSIGNED LC-TYPE CALL NUMBER (OCLC); LOCAL CALL NUMBER (RLIN)
-- 473269
100 1# - MAIN ENTRY--PERSONAL NAME
Personal name Львов, А.А.
245 10 - TITLE STATEMENT
Title Механизация и электрификация сельского хозяйства :
Remainder of title Учебное пособие для с.-х. техникумов /
Statement of responsibility, etc. А.А. Львов.
260 ## - PUBLICATION, DISTRIBUTION, ETC.
Place of publication, distribution, etc. Москва :
Name of publisher, distributor, etc. Госиздат сельскохоз. лит.,
Date of publication, distribution, etc. 1957.
300 ## - PHYSICAL DESCRIPTION
Extent 422 с. :
Other physical details ил. ;
Dimensions 26 см.
440 #0 - SERIES STATEMENT/ADDED ENTRY--TITLE
Title Учебники и учебные пособия для сельскохозяйственных техникумов
650 14 - SUBJECT ADDED ENTRY--TOPICAL TERM
Topical term or geographic name entry element Электрификация сельского хозяйства
650 14 - SUBJECT ADDED ENTRY--TOPICAL TERM
Topical term or geographic name entry element Механизация сельского хозяйства
Holdings
Withdrawn status Lost status Damaged status Not for loan Collection Home library Current library Date acquired Total checkouts Full call number Barcode Date last seen Price effective from Koha item type Public note
        General Fundamental Scientific Library Fundamental Scientific Library 07/05/2018   РД III/3335 FL0491260 07/05/2018 07/05/2018 Գրքեր / Books 30 Days Loan


ՀՀ ԳԱԱ հիմնարար գիտական գրադարան
ՀՀ,Երևան 0019
Մարշալ Բաղրամյան 24/6
հեռախոս:(374-10) 52-47-50
Հետադարձ կապ

All site content, except where otherwise noted, is licensed under a
Creative Commons License